Normal view
MARC view
Entry Personal Name
001 - CONTROL NUMBER
- control field: 17652
003 - CONTROL NUMBER IDENTIFIER
- control field: BD-RjUL
005 - DATE AND TIME OF LATEST TRANSACTION
- control field: 20260126114918.0
008 - FIXED-LENGTH DATA ELEMENTS
- fixed length control field: 260126|| aca||aabn | a|a d
040 ## - CATALOGING SOURCE
- Original cataloging agency: BD-RjUL
- Transcribing agency: BD-RjUL
100 ## - HEADING--PERSONAL NAME
- Personal name: Stubbings, Frank H
670 ## - SOURCE DATA FOUND
- Source citation: Work cat.: (BD-RjUL)86143: Wace, A. J. B. (Alan John Bayard), 1879-1957, ed. 17647, A companion to Homer., 1962.